| 000 | 00689nam a22002057i 4500 | ||
|---|---|---|---|
| 999 |
_c23450 _d23450 |
||
| 003 | AR-CdUCM | ||
| 008 | 260116b20242024 pe||||| |||| 00| 0 spa d | ||
| 020 | _a978-612-5102-27-0 | ||
| 040 |
_aMUNICIPALIDAD PROVINCIAL DEL CUSCO _cBIBLIOTECA MUNICIPAL DEL CUSCO |
||
| 082 |
_aES / 468.6 / _bW26 |
||
| 100 |
_aWaranqhamaki, Mario _952011 |
||
| 245 | _aChunka ñaupa hawarikuna / | ||
| 260 |
_aLima : _bGrafos Maquinaciones SAC. _c2024 |
||
| 300 |
_a112páginas. : _c20x13 cm. |
||
| 505 | _aHawch'a qhatuq -- Bandurria -- Valicha -- Apu Awsanqate -- Urpa mallkiwan | ||
| 650 |
_aValicha _952012 |
||
| 650 |
_aSimikuna reqsinapaq _952013 |
||
| 942 |
_2ddc _cLIBROS |
||
| 945 |
_apbjr _d16-01-2026 |
||